Európsky trh a elektrická energia
Najväčšie problémy v obchodovaní s elektrinou z celoeurópskeho hľadiska. Otázky liberalizácie európskeho trhu v obchodovaní s elektrickou energiou. Súčasný stav a riziká deregulácie na energetickom trhu. Energetické a politické aktivity Európskej komisie.
Uložené v:
| Hlavný autor: | |
|---|---|
| Médium: | Kapitola |
| Jazyk: | Slovak |
| Predmet: | |
| Tagy: |
Žiadne tagy, Buďte prvý, kto otaguje tento záznam!
|
MARC
| LEADER | 00000naa a2200000 4500 | ||
|---|---|---|---|
| 001 | r045708 | ||
| 005 | 20231004100143.3 | ||
| 041 | 0 | |a slo | |
| 044 | |a CZ | ||
| 245 | 1 | 0 | |a Európsky trh a elektrická energia |c Jaroslav Bartl |
| 520 | |a Najväčšie problémy v obchodovaní s elektrinou z celoeurópskeho hľadiska. Otázky liberalizácie európskeho trhu v obchodovaní s elektrickou energiou. Súčasný stav a riziká deregulácie na energetickom trhu. Energetické a politické aktivity Európskej komisie. | ||
| 610 | 2 | 0 | |a energetika |
| 610 | 2 | 0 | |a Európska únia |
| 610 | 2 | 0 | |a spolupráca hospodárska medzinárodná |
| 610 | 2 | 0 | |a liberalizácia |
| 610 | 2 | 0 | |a deregulácia |
| 610 | 2 | 0 | |a trh svetový |
| 610 | 2 | 0 | |a marketing |
| 100 | 1 | |a Bartl, Jaroslav | |